Politics in England; (رقم التسجيلة. 107472)
[ عرض عادي ]
| 000 -LEADER | |
|---|---|
| fixed length control field | 009210am a22003010004500 |
| 003 - CONTROL NUMBER IDENTIFIER | |
| control field | EG-GiCUC |
| 008 - FIXED-LENGTH DATA ELEMENTS--GENERAL INFORMATION | |
| fixed length control field | 740713s1974 maua b 001 0 eng |
| 010 ## - LIBRARY OF CONGRESS CONTROL NUMBER | |
| LC control number | 73020921 |
| 040 ## - CATALOGING SOURCE | |
| Original cataloging agency | DLC |
| Transcribing agency | DLC |
| Modifying agency | DLC |
| 043 ## - GEOGRAPHIC AREA CODE | |
| Geographic area code | e-uk--- |
| 050 00 - LIBRARY OF CONGRESS CALL NUMBER | |
| Classification number | JN234 1974 |
| Item number | .R6 1974 |
| 092 04 - LOCALLY ASSIGNED DEWEY CALL NUMBER (OCLC) | |
| Classification number | 320.941 |
| Item number | R7975 1974 |
| Edition number | 21 |
| 099 ## - LOCAL FREE-TEXT CALL NUMBER (OCLC) | |
| Classification number | 04 |
| -- | 320.941 R7975 1974 |
| 100 1# - MAIN ENTRY--PERSONAL NAME | |
| Personal name | Rose, Richard, |
| Dates associated with a name | 1933- |
| 245 10 - TITLE STATEMENT | |
| Title | Politics in England; |
| Remainder of title | an interpretation. |
| 250 ## - EDITION STATEMENT | |
| Edition statement | 2d ed. |
| 260 ## - PUBLICATION, DISTRIBUTION, ETC. | |
| Place of publication, distribution, etc. | Boston, |
| Name of publisher, distributor, etc. | Little, Brown |
| Date of publication, distribution, etc. | [1974] |
| 300 ## - PHYSICAL DESCRIPTION | |
| Extent | xiv, 448 p. |
| Other physical details | illus. |
| Dimensions | 21 cm. |
| 490 0# - SERIES STATEMENT | |
| Series statement | The Little, Brown series in comparative politics |
| 500 ## - GENERAL NOTE | |
| General note | At head of title: A country study. |
| 504 ## - BIBLIOGRAPHY, ETC. NOTE | |
| Bibliography, etc. note | Bibliography: p. 440-441. |
| 651 #0 - SUBJECT ADDED ENTRY--GEOGRAPHIC NAME | |
| Geographic name | Great Britain |
| General subdivision | Politics and government. |
| 902 ## - LOCAL DATA ELEMENT B, LDB (RLIN) | |
| No. of Items | 1 |
| 905 ## - LOCAL DATA ELEMENT E, LDE (RLIN) | |
| Cataloger | Eman |
| Reviser | Rev |
| 905 ## - LOCAL DATA ELEMENT E, LDE (RLIN) | |
| Cataloger | Mnal |
| Reviser | Cat |
| 942 ## - ADDED ENTRY ELEMENTS (KOHA) | |
| Source of classification or shelving scheme | Dewey Decimal Classification |
| Koha item type | Books |
| Source of classification or shelving scheme | Not for loan | Home library | Current library | Date acquired | Full call number | Barcode | Date last seen | Copy number | Koha item type |
|---|---|---|---|---|---|---|---|---|---|
| Dewey Decimal Classification | المكتبة المركزبة الجديدة - جامعة القاهرة | قاعة المكتبات المهداة - الدور الرابع | 11.02.2024 | 320.941 R7975 1974 M.K. | 01000114001132000 | 23.06.2024 | C.1 | Books |